000 00365nam a22001457a 4500
003 OSt
008 220507b ||||| |||| 00| 0 eng d
020 _a978-81-910805-6-8
100 _aJUNEJA, M.M.
245 _aBhagat Singh Par Durlabh Lekh (Hindi)
260 _aPanchkula
_bModern Publishers
_c2012
300 _a184
650 _aGernal Books
942 _2ddc
_cBK
999 _c11178
_d11178